LEADER 00938nam0-2200301---450- 001 990008419460403321 005 20061116102040.0 035 $a000841946 035 $aFED01000841946 035 $a(Aleph)000841946FED01 035 $a000841946 100 $a20061115d1979----km-y0itay50------ba 101 0 $aita$aeng 102 $aIT 105 $ay---a---001yy 200 1 $a<>Gran Bretagna e l'Italia$edalla conferenza di Mosca a Potsdam (1943-1945)$fGiustino Filippone-Thaulero 210 $aRoma$cEdizioni di storia e letteratura$d1979 215 $a186 p.$d21 cm 610 0 $aGran Bretagna$aItalia$aRelazioni diplomatiche 676 $a327.41045$v21$zita 700 1$aFilippone Thaulero,$bGiustino$0142388 801 0$aIT$bUNINA$gRICA$2UNIMARC 901 $aBK 912 $a990008419460403321 952 $a327.41 FIL 1$bBibl. 3055$fFLFBC 959 $aFLFBC 996 $aGran Bretagna e l'Italia$9726014 997 $aUNINA LEADER 02214nam 2200577 450 001 9910479919803321 005 20170821171725.0 010 $a1-4704-0709-4 035 $a(CKB)3360000000464483 035 $a(EBL)3113452 035 $a(SSID)ssj0000973920 035 $a(PQKBManifestationID)11603999 035 $a(PQKBTitleCode)TC0000973920 035 $a(PQKBWorkID)10984584 035 $a(PQKB)11767297 035 $a(MiAaPQ)EBC3113452 035 $a(PPN)195411803 035 $a(EXLCZ)993360000000464483 100 $a19840229h19841984 uy| 0 101 0 $aeng 135 $aur|n|---||||| 181 $ctxt 182 $cc 183 $acr 200 10$aSpecial values of Dirichlet series, monodromy, and the periods of automorphic forms /$fPeter Stiller 210 1$aProvidence, R.I., USA :$cAmerican Mathematical Society,$d[1984] 210 4$d©1984 215 $a1 online resource (122 p.) 225 1 $aMemoirs of the American Mathematical Society,$x0065-9266 ;$vnumber 299 300 $a"May 1984, volume 49, number 299 (first of 5 numbers)." 311 $a0-8218-2300-0 320 $aBibliography: pages 114-116. 327 $a""Table of Contents""; ""A?1. Introduction""; ""A?2. Periods of automorphic forms""; ""A?3. Locally split extensions of flat vector bundles""; ""A?3 bis. Automorphic forms attached to the symmetric powers of a second order differential equation and their periods""; ""A?4. Descent""; ""A?5. Differential equations associated to automorphic forms""; ""A?6. Examples"" 410 0$aMemoirs of the American Mathematical Society ;$vno. 299. 606 $aDirichlet series 606 $aAutomorphic forms 606 $aDifferential equations, Linear 608 $aElectronic books. 615 0$aDirichlet series. 615 0$aAutomorphic forms. 615 0$aDifferential equations, Linear. 676 $a510 s 676 $a512/.7 700 $aStiller$b Peter$f1951-$0958503 801 0$bMiAaPQ 801 1$bMiAaPQ 801 2$bMiAaPQ 906 $aBOOK 912 $a9910479919803321 996 $aSpecial values of Dirichlet series, monodromy, and the periods of automorphic forms$92171830 997 $aUNINA LEADER 01341nam a2200301 i 4500 001 991001952459707536 008 130215s2012 it 000 0 ita d 020 $a9788854849525 035 $ab14097400-39ule_inst 040 $aDip.to di Storia, Societą e Studi sull'Uomo - Sez. Scienze Sociali Com.$bita 082 $a340.11 082 $a340 245 13$aLa tutela dei "soggetti deboli" tra diritto internazionale, dell'Unione europea e diritto interno : $bseminari di alta formazione internazionale, Imperia, ottobre-novembre 2011 /$ca cura di Ilaria Queirolo, Alberto Maria Benedetti, Laura Carpaneto 260 $aRoma :$bAracne, $c2012 300 $a676 p. ; $c24 cm 650 4$aSoggetti di diritto 650 4$aDiritto comparato 650 4$aTutela 700 1 $aBenedetti, Alberto Maria 700 1 $aQueirolo, Ilaria 700 1 $aCarpaneto, Laura 907 $a.b14097400$b02-04-14$c15-02-13 912 $a991001952459707536 945 $aLE021$g0$lle021$o-$pE36.00$q-$rl$s- $t0$u0$v0$w0$x0$y.i15491419$z18-03-13 945 $aLE021DI1B4$g1$i2021000163494$lle021$o-$pE36.00$q-$rl$s- $t0$u1$v0$w1$x0$y.i15491420$z18-03-13 996 $aTutela dei "soggetti deboli" tra diritto internazionale, dell'Unione europea e diritto interno$9265655 997 $aUNISALENTO 998 $ale021$b15-02-13$cm$da $e-$fita$git $h3$i0 LEADER 04162nam 22006855 450 001 9910350309803321 005 20200705012403.0 010 $a981-13-3275-4 024 7 $a10.1007/978-981-13-3275-3 035 $a(CKB)4100000007127468 035 $a(MiAaPQ)EBC5588735 035 $a(DE-He213)978-981-13-3275-3 035 $a(PPN)23246927X 035 $a(EXLCZ)994100000007127468 100 $a20181107d2019 u| 0 101 0 $aeng 135 $aurcnu|||||||| 181 $ctxt$2rdacontent 182 $cc$2rdamedia 183 $acr$2rdacarrier 200 10$aAdvanced Engine Diagnostics /$fedited by Avinash Kumar Agarwal, Jai Gopal Gupta, Nikhil Sharma, Akhilendra Pratap Singh 205 $a1st ed. 2019. 210 1$aSingapore :$cSpringer Singapore :$cImprint: Springer,$d2019. 215 $a1 online resource (257 pages) 225 1 $aEnergy, Environment, and Sustainability,$x2522-8366 311 $a981-13-3274-6 327 $aModeling and Experimental Studies of NOx and Soot Emissions in Common Rail Direct Injection Diesel Engines -- Transient Reacting Flow Simulations of Chemical Looping Combustion -- Model based fault detection on modern automotive engines -- Analysis Approach to Determine Pollutants Generated from Combustion using Computational Fluid Dynamics -- On-Board Post Combustion Emission Control Strategies for Diesel Engine in India to meet Bharat Stage VI Norms -- Wear and Lubrication Study of Internal Combustion Engine -- A study on Advancements in Innovative Technologies Influencing Industrial NOx Emissions -- Ceria based mixed oxide nanoparticles for diesel engine emission control -- Sustainable Coating Design and role of Liquid-Mediated Contact -- Advanced Combustion Strategies for Particulate Reduction from Internal Combustion Engines -- Study of instability Nature of Circular Liquid Jet at Critical Chamber Conditions -- Strategy for MIS Fire detection in small single cylinder SI engine. 330 $aThis book describes the discusses advanced fuels and combustion, emission control techniques, after-treatment systems, simulations and fault diagnostics, including discussions on different engine diagnostic techniques such as particle image velocimetry (PIV), phase Doppler interferometry (PDI), laser ignition. This volume bridges the gap between basic concepts and advanced research in internal combustion engine diagnostics, making it a useful reference for both students and researchers whose work focuses on achieving higher fuel efficiency and lowering emissions. . 410 0$aEnergy, Environment, and Sustainability,$x2522-8366 606 $aEngines 606 $aMachinery 606 $aTransportation 606 $aQuality control 606 $aReliability 606 $aIndustrial safety 606 $aAutomotive engineering 606 $aEngine Technology$3https://scigraph.springernature.com/ontologies/product-market-codes/T17048 606 $aTransportation$3https://scigraph.springernature.com/ontologies/product-market-codes/119000 606 $aQuality Control, Reliability, Safety and Risk$3https://scigraph.springernature.com/ontologies/product-market-codes/T22032 606 $aAutomotive Engineering$3https://scigraph.springernature.com/ontologies/product-market-codes/T17047 615 0$aEngines. 615 0$aMachinery. 615 0$aTransportation. 615 0$aQuality control. 615 0$aReliability. 615 0$aIndustrial safety. 615 0$aAutomotive engineering. 615 14$aEngine Technology. 615 24$aTransportation. 615 24$aQuality Control, Reliability, Safety and Risk. 615 24$aAutomotive Engineering. 676 $a629.2504 702 $aAgarwal$b Avinash Kumar$4edt$4http://id.loc.gov/vocabulary/relators/edt 702 $aGupta$b Jai Gopal$4edt$4http://id.loc.gov/vocabulary/relators/edt 702 $aSharma$b Nikhil$4edt$4http://id.loc.gov/vocabulary/relators/edt 702 $aSingh$b Akhilendra Pratap$4edt$4http://id.loc.gov/vocabulary/relators/edt 906 $aBOOK 912 $a9910350309803321 996 $aAdvanced Engine Diagnostics$92123447 997 $aUNINA